00736 2200265 4500001002100000005001500021035002000036001002100056005001500077035002000092035002000112245011400132100001700246300001700263260005800280082001100338084001700349020002200366650001500388650001100403650001400414650001400428250001000442990001800452INLIS00000000000046220260331092736 a0010-0326000011INLIS00000000000026420251204084105 a0010-1225000036 a0010-12250000351 aKedekatan Hati :bMembangun Komunikasi Aman dan Hangat antara Orang Tua dan Remaja /cDr. Rika Hardani, M.Si.0 aRika Hardani aix, 316 hlm. aTangerang :bHikari Cemerlang Publishing House,c2026 a153.69 a153.69 RIK k a978-0-297-87091-3 aKomunikasi aRemaja aOrang Tua aPsikologi aEd. 1 aKD00001/BB/26